000
00260nam a2200109Ia 4500
008
231212s1965 xx 000 0 und d
041
_a
eng
082
_a
621.381
100
_a
Millman
245
_a
Pulse, Digital Switching
260
_a
New Delhi
_b
D.B.Tar
_c
1965
999
_c
959221
_d
959221